| 000 | 00646nam a2200217Ia 4500 | ||
|---|---|---|---|
| 003 | OSt | ||
| 005 | 20250623095257.0 | ||
| 008 | 220926b |||||||| |||| 00| 0 eng d | ||
| 037 | _cReference | ||
| 040 |
_aRTL _cRTL _beng |
||
| 041 |
_2eng _aeng |
||
| 084 |
_aB2 L0/SC _qRTL |
||
| 100 |
_aBirkhoff, Garrett _9371041 |
||
| 245 | 0 | _aModern applied algebra | |
| 260 |
_aDelhi _bCBS publishers _c1970 |
||
| 300 |
_axii, 431 p. _bIncludes bibliographical references and index |
||
| 650 | _aAlgebra | ||
| 700 |
_aBartee, Thomas C. _9371042 _eCo-author |
||
| 942 |
_hB2, L0/SC _cREF _2CC _n0 |
||
| 999 |
_c691285 _d691285 |
||